Megválasztották a Hazafias Népfront szegedi járási bizottságát

Elmentve itt :
Bibliográfiai részletek
Dokumentumtípus: Cikk
Megjelent: 1964-02-23
Sorozat:Délmagyarország 54 No. 45
Kulcsszavak:Hazafias Népfront, Választás járási bizottság Szeged 1964
Online Access:http://dmarchiv.bibl.u-szeged.hu/71903
LEADER 00487nab a2200145 i 4500
001 delm71903
005 20180928082422.0
008 180928s1964 hu o 0|| hun d
040 |a SZTE Délmagyarország Archívum  |b hun 
041 |a hun 
245 0 0 |a Megválasztották a Hazafias Népfront szegedi járási bizottságát  |h [elektronikus dokumentum] 
260 |c 1964-02-23 
300 |a 5 
490 0 |a Délmagyarország  |v 54 No. 45 
695 |a Hazafias Népfront, Választás járási bizottság Szeged 1964